University Home | Library Home | Institutional Repository

Pesticides in tropical agriculture : (Record no. 104724)

MARC details
000 -LEADER
fixed length control field 00561cam2a220016900 4500
005 - DATE AND TIME OF LATEST TRANSACTION
control field 20190819105338.0
008 - FIXED-LENGTH DATA ELEMENTS--GENERAL INFORMATION
fixed length control field 970317
020 ## - INTERNATIONAL STANDARD BOOK NUMBER
International Standard Book Number 3823512433
035 ## - SYSTEM CONTROL NUMBER
System control number (Sirsi) a151299
050 #0 - LIBRARY OF CONGRESS CALL NUMBER
Classification number SB950.A3
Item number Pes 1995
245 10 - TITLE STATEMENT
Title Pesticides in tropical agriculture :
Remainder of title hazards and alternatives /
Statement of responsibility, etc. Arnold Schwab and others.
260 ## - PUBLICATION, DISTRIBUTION, ETC.
Place of publication, distribution, etc. Weikersheim :
Name of publisher, distributor, etc. Margraf Verlag,
Date of publication, distribution, etc. c1995.
350 ## - PRICE (NR) (BK AM CF MU VM SE) [OBSOLETE]
Price 25
504 ## - BIBLIOGRAPHY, ETC. NOTE
Bibliography, etc. note Bibliography
650 #0 - SUBJECT ADDED ENTRY--TOPICAL TERM
Topical term or geographic name entry element Pesticides
Linkage S760.1
700 00 - ADDED ENTRY--PERSONAL NAME
Personal name Schwab, Arnold, joint aut.
Relator term Schwab, Arnold, joint aut.
Linkage A103812.1

No items available.

© 2026 - The University of Zambia Library - Koha v25.11